| 000 | 00401pab a2200169 454500 | ||
|---|---|---|---|
| 008 | 180718b2013 xxu||||| |||| 00| 0 eng d | ||
| 100 | _aSami, Lamaan | ||
| 245 | _aRural credit in India - X rayed | ||
| 260 | _c2013 | ||
| 300 | _ap.15-19. | ||
| 362 | _aDec | ||
| 650 | _aAgricultural credit - India | ||
| 650 | _aAgricultural credit | ||
| 773 | _aKurukshetra | ||
| 908 | _aN | ||
| 909 | _a103228 | ||
| 999 |
_c103224 _d103224 |
||